00731nam a22001695i 4500020001800000041000800018082002100026245007800047260002300125300001400148650011900162700002200281942000700303952011700310952011700427999001700544 a9788194656913 aENG a362.1962414bFRA00aCorona of thorns? or Corona of Life? Changing Church in the Covid Context aDelhibISPCKc2020 a112 pages aCOVID-19 Pandemic, 2020- -- Religious aspects -- Christianity.aMedical care -- Religious aspects -- Christianity. aFrancis Gonsalves cBK 00104070aHMIbHMIcGENd2022-04-05eDirectorg150.00l0o362.1962414 FRAp11-4584r2022-04-05w2022-04-05yBK 00104070aHMIbHMIcGENd2022-04-05eDirectorg150.00l0o362.1962414 FRAp11-4583r2022-04-05w2022-04-05yBK c23209d23209